The fast diet : (Record no. 90773)
[ view plain ]
| 000 -LEADER | |
|---|---|
| fixed length control field | 02551cam a2200277 i 4500 |
| 001 - CONTROL NUMBER | |
| control field | 17590454 |
| 005 - DATE AND TIME OF LATEST TRANSACTION | |
| control field | 20170204103029.0 |
| 008 - FIXED-LENGTH DATA ELEMENTS--GENERAL INFORMATION | |
| fixed length control field | 130114s2013 nyua b 001 0 eng |
| 020 ## - INTERNATIONAL STANDARD BOOK NUMBER | |
| International Standard Book Number | 9781476734941 (hardback) |
| 040 ## - CATALOGING SOURCE | |
| Transcribing agency | PK-LaUMT |
| 082 00 - DEWEY DECIMAL CLASSIFICATION NUMBER | |
| Classification number | 613.25 |
| Edition number | 23 |
| Item number | MOS-F |
| 100 1# - MAIN ENTRY--PERSONAL NAME | |
| Personal name | Mosley, Michael |
| 245 14 - TITLE STATEMENT | |
| Title | The fast diet : |
| Remainder of title | lose weight, stay healthy, and live longer with the simple secret of intermittent fasting / |
| Statement of responsibility, etc | Michael Mosley and Mimi Spencer |
| 260 ## - PUBLICATION, DISTRIBUTION, ETC. (IMPRINT) | |
| Place of publication, distribution, etc | New York : |
| Name of publisher, distributor, etc | Atria Books, |
| Date of publication, distribution, etc | 2013 |
| 300 ## - PHYSICAL DESCRIPTION | |
| Extent | 212 p. |
| Other physical details | color illustrations. ; |
| Dimensions | 22 cm |
| 520 ## - SUMMARY, ETC. | |
| Summary, etc | "Is it possible to eat anything you want, five days a week, and become slimmer and healthier as a result? Simple answer: yes. You just limit your calorie intake for two nonconsecutive days each week to 500 calories for women, 600 for men. You'll lose weight quickly and effortlessly, and the joy of the FastDiet is that the side effects are all welcome. The science is easy. Intermittent fasting takes your body out of go-go mode and puts it into survival mode, causing the body to slow production of new cells and repair old ones instead. As a result, you not only lose weight but also reduce your risk of a range of diseases from diabetes and arthritis to cardiovascular disease and even cancer. On top of that, you slow the aging process and boost your brain power. This book brings together the results of new, groundbreaking research to create a dietary program that can be incorporated into your busy daily life, featuring: Forty 500- and 600-calorie meals that are quick and easy to make 8 pages of photos that show you what a typical "fasting meal" looks like the cutting-edge science behind the program. A calorie counter that makes dieting easy, and much more. Far from being just another fad, the FastDiet is a radical new way of thinking about food, a lifestyle choice that doctors are actually recommending for general health. This is your indispensable guide to effective weight loss without sacrificing the foods you love and a scientifically proven way to have your cake and eat it, too"-- |
| 520 ## - SUMMARY, ETC. | |
| Summary, etc | "This new diet allows users to eat whatever they like five days a week and then fast (consuming 500-600 calories/day) for two nonconsecutive days--and lose weight quickly and easily"-- |
| 650 #0 - SUBJECT ADDED ENTRY--TOPICAL TERM | |
| Topical term or geographic name as entry element | Reducing diets |
| 650 #0 - SUBJECT ADDED ENTRY--TOPICAL TERM | |
| Topical term or geographic name as entry element | Diet. |
| 650 #7 - SUBJECT ADDED ENTRY--TOPICAL TERM | |
| Topical term or geographic name as entry element | HEALTH & FITNESS / Diets. |
| 650 #7 - SUBJECT ADDED ENTRY--TOPICAL TERM | |
| Topical term or geographic name as entry element | HEALTH & FITNESS / General. |
| 650 #7 - SUBJECT ADDED ENTRY--TOPICAL TERM | |
| Topical term or geographic name as entry element | HEALTH & FITNESS / Weight Loss. |
| 650 #0 - SUBJECT ADDED ENTRY--TOPICAL TERM | |
| Topical term or geographic name as entry element | Intermittent fasting. |
| 700 1# - ADDED ENTRY--PERSONAL NAME | |
| Personal name | Spencer, Mimi, |
| 942 ## - ADDED ENTRY ELEMENTS (KOHA) | |
| Koha item type | Books |
| Withdrawn status | Lost status | Damaged status | Home library | Current library | Date acquired | Full call number | Barcode | Date last seen | Price effective from | Koha item type |
|---|---|---|---|---|---|---|---|---|---|---|
| UMT Main Campus | UMT Main Campus | 2017-02-04 | 613.25 MOS-F | 105265 | 2025-12-29 | 2017-02-04 | Books |
